000 00508nam a22001932 4500
001 0000003974
005 20170406115449.0
008 140730s xx 000 0 eng d
020 _c$
040 _aYour Holding Symbol
_cYour Holding Symbol
100 1 _aDrabble,Margaret.
245 1 0 _aliterature in perspective :
_bwordsworth.
250 _a ed.
260 _alondon :
_bEvans,
_c1966.
300 _a159 p. ;
_c cm.
504 _aindex.
650 0 _aliterature.
908 _a140730
999 _c3821
_d3821